000 00678nam a2200253Ia 4500
999 _c98097
_d98097
003 0100
005 20171208120115.0
008 130307s9999 xx 000 0 und d
040 _cARRUPELIB
050 _aGN657.T5C64 1960
100 _aColson, Elizabeth
_937849
245 _aSocial organization of the Gwembe Tonga:
_bhuman problems of Kariba /
260 _aManchester
_bManchester University Press
_c1960
300 _a233p.
300 _b23 cm.
440 _aKariba Studies
_938133
650 _aTonga (African people)
_922865
942 0 0 _06
_2lcc
_cMONOGRAPH